Most Populous County In Each State - Statistics

General Stats
  • This quiz has been taken 20 times
  • The average score is 20 of 50
Answer Stats
State County Pop. % Correct
Florida Miami-Dade 2,496,435
94%
California Los Angeles 9,818,605
88%
Illinois Cook 5,194,675
81%
Hawaii Honolulu 953,207
81%
Colorado Denver 693,060
75%
Washington King 1,931,249
75%
Arizona Maricopa 3,817,117
75%
Alaska Anchorage 291,826
69%
Nevada Clark 1,951,269
69%
Georgia Fulton 1,010,562
69%
Wisconsin Milwaukee 947,735
69%
Alabama Jefferson 658,466
63%
Kentucky Jefferson 741,096
63%
New York Kings 2,504,700
63%
Pennsylvania Philadelphia 1,526,006
63%
Texas Harris 4,092,459
56%
Rhode Island Providence 626,667
56%
Missouri St. Louis 998,954
56%
Idaho Ada 392,365
50%
Oklahoma Oklahoma 718,633
50%
Utah Salt Lake 1,029,655
50%
Minnesota Hennepin 1,152,425
38%
Iowa Polk 430,640
38%
Connecticut Fairfield 916,829
31%
Ohio Franklin 1,310,300
31%
Kansas Johnson 544,179
31%
Michigan Wayne 1,820,584
31%
Wyoming Laramie 91,738
25%
North Carolina Mecklenburg 919,628
25%
Massachusetts Middlesex 1,503,085
25%
Maryland Montgomery 971,777
25%
Oregon Multnomah 735,334
25%
Delaware New Castle 538,479
25%
New Mexico Bernalillo 662,564
19%
Maine Cumberland 281,674
19%
Virginia Fairfax 1,081,726
19%
Mississippi Hinds 245,285
19%
Indiana Marion 903,393
19%
Arkansas Pulaski 382,748
19%
Tennessee Shelby 927,644
19%
New Jersey Bergen 905,116
13%
North Dakota Cass 149,778
13%
Vermont Chittenden 156,545
13%
Nebraska Douglas 517,110
13%
Louisiana* East Baton Rouge 440,171
13%
South Carolina Greenville 451,225
13%
South Dakota Minnehaha 169,468
13%
Montana Yellowstone 147,972
13%
New Hampshire Hillsborough 400,721
6%
West Virginia Kanawha 193,063
0%
No matching quizzes found
Score Distribution
Percent of People with Each Score
Percentile by Number Answered
Your Score History
You have not taken this quiz